| 000 | 00940nas a2200313 4500 | ||
|---|---|---|---|
| 001 | BR9207699 | ||
| 003 | BR-BrBNA | ||
| 005 | 20231205093032.0 | ||
| 007 | ta | ||
| 008 | 230509b bl.|||p| |||| 00| 00por d | ||
| 040 |
_aBR-BrBNA _bpor _cBiblioteca Nacional de Agricultura |
||
| 041 | _a(Pt) | ||
| 072 | _aP30 | ||
| 100 | 1 | _aCarvalho, M.P. | |
| 100 | 1 | _aPaulon, F.C. | |
| 100 | 1 | _aKusdra, G.R.F. | |
| 100 | 1 | _aMori, J.A.D. | |
| 100 | 1 | _aBarbosa, L.W. | |
| 100 | 1 | _aParra, R.A. | |
| 100 | 1 | _aSilva, V.C. | |
| 245 | 1 | _aClassificacao da capacidade de uso das terras da Escola Rural do Municipio de Santo Antonio da Platina - Parana | |
| 650 | _aUSO DA TERRA | ||
| 650 | _aMANEJO DO SOLO | ||
| 650 | _aCONSERVACAO DO SOLO | ||
| 650 | _aPODZOLICO VERMELHO AMARELO | ||
| 773 | 0 |
_tPoliagro (Brazil) _xISSN 0100-3461 _g(Oct 1985), (no. 9) p. 1-31 _wBR9207699 |
|
| 909 |
_a202311 _bLúcia _c55 _dLúcia Elande |
||
| 942 |
_2AGRIS _n0 _cANA |
||
| 999 |
_c135783 _d135783 |
||